| 000 | 01283cam a2200265 4500 | ||
|---|---|---|---|
| 008 | 240202t2013 000 0 eng u | ||
| 041 | _aeng | ||
| 110 | 2 |
_aRoyal Institution of Chartered Surveyors _94900 |
|
| 245 | 0 | 0 |
_aSustainable Urban Retrofit Evaluation _h[electronic resource] |
| 260 |
_aLondon _bRICS _c2013 |
||
| 300 | _a66p. | ||
| 490 | 0 | _aRICS Research | |
| 520 | _aThis research updates the Wilkinson study (2011), with part one examining whether there has been a shift in the Melbourne market by assessing the importance of environmental attributes in commercial office retrofits from January 2009 to July 2011. The second part of the study had two aims; firstly, to gain a deeper understanding of the improvements made to existing office buildings in the 1200 Buildings Program in Melbourne, Australia | ||
| 650 | 2 | 4 | _aRETROFIT |
| 650 | 2 | 4 | _aSUSTAINABILITY |
| 650 | 2 | 4 | _aURBAN PLANNING |
| 651 | 4 | _aAustralia | |
| 690 |
_aDesign & specification _96234 |
||
| 700 | 1 | _aEriksson, Clare | |
| 700 | 1 | _aRowlands, James | |
| 700 | 1 | _aJohal, Amanprit | |
| 700 | 1 | _aFielder, Auriel | |
| 856 | 4 | 8 |
_uhttps://www.propertyresearchtrust.org/uploads/1/3/4/8/134819607/urban_retrofit_evaluation.pdf _zAvailable from the Property Research Trust |
| 942 | _n0 | ||
| 999 |
_c121786 _d121786 |
||